Safe work in the 21st century education and training needs for the next decade's occupational safety and health personnel /

Bibliographic Details
Corporate Author: ProQuest (Firm)
Format: Electronic eBook
Language:English
Published: Washington, DC : National Academy Press, c2000.
Subjects:
Online Access:Click to View
LEADER 01458nam a22003374a 4500
001 EBC3375936
003 MiAaPQ
005 20200520144314.0
006 m o d |
007 cr cn|||||||||
008 000606s2000 dcua sb 000 0 eng
010 |z  00055005  
020 |z 0309070260 
035 |a (MiAaPQ)EBC3375936 
035 |a (Au-PeEL)EBL3375936 
035 |a (CaPaEBR)ebr10051633 
035 |a (OCoLC)923260026 
040 |a MiAaPQ  |c MiAaPQ  |d MiAaPQ 
050 4 |a RC967  |b .S215 2000 
082 0 4 |a 616.9/803  |2 21 
245 0 0 |a Safe work in the 21st century  |h [electronic resource] :  |b education and training needs for the next decade's occupational safety and health personnel /  |c Committee to Assess Training Needs for Occupational Safety and Health Personnel in the United States, Board on Health Sciences Policy, Institute of Medicine. 
246 3 |a Safe work in the twenty-first century 
260 |a Washington, DC :  |b National Academy Press,  |c c2000. 
300 |a xxi, 242 p. :  |b ill. 
504 |a Includes bibliographical references (p. 213-223). 
533 |a Electronic reproduction. Ann Arbor, MI : ProQuest, 2015. Available via World Wide Web. Access may be limited to ProQuest affiliated libraries. 
650 0 |a Industrial hygiene. 
650 0 |a Industrial safety. 
655 4 |a Electronic books. 
710 2 |a ProQuest (Firm) 
856 4 0 |u https://ebookcentral.proquest.com/lib/matrademy/detail.action?docID=3375936  |z Click to View